Luyện dịch Việt Anh qua những mẫu câu thông dụng
Nội dung cuốn sách đề cập đến những vấn đề sau: các mẫu câu Việt Anh thông dụng; bài áp dụng luyện dịch; bài luyện dịch thêm.
保存先:
| 第一著者: | |
|---|---|
| フォーマット: | 図書 |
| 言語: | Undetermined |
| 出版事項: |
Đồng Nai
Nxb. Đồng Nai
1997
|
| 主題: | |
| タグ: |
タグ追加
タグなし, このレコードへの初めてのタグを付けませんか!
|
| Thư viện lưu trữ: | Trung tâm Học liệu Trường Đại học Cần Thơ |
|---|
| LEADER | 00799nam a2200193Ia 4500 | ||
|---|---|---|---|
| 001 | CTU_239225 | ||
| 008 | 210402s9999 xx 000 0 und d | ||
| 082 | |a 418.03 | ||
| 082 | |b D550 | ||
| 100 | |a Nguyễn, Hữu Dự | ||
| 245 | 0 | |a Luyện dịch Việt Anh qua những mẫu câu thông dụng | |
| 245 | 0 | |c Nguyễn Hữu Dự | |
| 260 | |a Đồng Nai | ||
| 260 | |b Nxb. Đồng Nai | ||
| 260 | |c 1997 | ||
| 520 | |a Nội dung cuốn sách đề cập đến những vấn đề sau: các mẫu câu Việt Anh thông dụng; bài áp dụng luyện dịch; bài luyện dịch thêm. | ||
| 650 | |a Biên phiên dịch,Translating and interpreting | ||
| 910 | |a Tuyến | ||
| 980 | |a Trung tâm Học liệu Trường Đại học Cần Thơ | ||